000 01781nam a2200253Ia 4500
003 CO-CtgCURN
005 20250407225207.0
008 190723s9999 xx 000 0 und d
020 _a9586906612
040 _aCO-CtgCURN
_bspa
_ccoctgcurn
082 _a346.03
_bR175f
100 _aRamos Acevedo, Jairo
_eautor
_96637
245 0 _aFundamentos de la responsabilidad extracontractual de la administración pública /
_cJairo Ramos Acevedo
260 _aBogotá, Colombia :
_bLeyer,
_c2004
300 _a266 páginas ;
_c23 centímetros
505 _a1. Aspectos generales de la responsabilidad. 2. El daño. 3. La relación de causalidad. 4. Causales eximentes de responsabilidad. 5. Responsabilidad extracontractual del Estado. 6. La responsabilidad extracontractual de la Rama Jurisdiccional y Legislativa del Estado.
520 _aEl propósito de este texto es el de presentar una visión totalizante del tema de la responsabilidad desde su génesis en materia civil, y luego su transmutación en el ámbito del derecho público. Ya que un tratamiento transversal de la materia lleva generalmente al alumno y a los estudiosos del tema de hablar equivocadamente toda-vía de responsabilidad "civil" extracontractual del Estado. Es decir, su fundamento jurídico no se encuentra ya en el Código Civil sino en la Constitución Política, por esa razón se debe utilizar el vocablo en forma correcta: Responsabilidad extracontractual de la administración pública o del Estado.
521 _aAREA PROFESIONAL
590 _aPrograma de Derecho_18
650 _aObligaciones (Derecho)
_96638
650 _aResponsabilidad extracontractual
_96639
942 _cBK
_h346.03
_iR175f
_2ddc
_n0
999 _c29223
_d29223